| 000 | 00647nam a2200193 4500 | ||
|---|---|---|---|
| 999 |
_c171662 _d171662 |
||
| 005 | 20200117115048.0 | ||
| 010 | _aENG-127450 | ||
| 020 |
_a9789382730484 _c1350.00 |
||
| 035 | _aEN-110982 | ||
| 037 | _bDBAD/PUB | ||
| 082 | _a336.27140954 | ||
| 100 | _aKhandare,D.M | ||
| 245 |
_aGST: _cby D.M.Khandare _bconcept and Roadmap/ |
||
| 260 |
_aKanpur _bGarima Prakashan _c2018 |
||
| 270 |
_a1st floor,.Mayur Park,Basant Vihar Naubasta, Kanpur-21 _bKanpur _e208021 _mgarima.prakashan@gmail.com |
||
| 300 |
_aViiii;328p. _c22cm(hb) |
||
| 500 | _aincludes bibliographical references and index | ||
| 942 |
_2ddc _cEN _h336.27140954 _mKHA |
||